[Event "Sao Paulo Carnaval op"]
[Site "Sao Paulo"]
[Date "2019.03.02"]
[Round "2"]
[White "Menna Barreto, Felipe Kubiaki"]
[Black "Ribeiro, Jose Joselito"]
[Result "1-0"]
[WhiteElo "2376"]
[BlackElo "1946"]
[PlyCount "79"]
[EventDate "2019.03.02"]
[EventType "swiss"]
[EventRounds "7"]
[EventCountry "BRA"]
[SourceTitle "EXT 2020"]
[Source "ChessBase"]
[SourceDate "2019.10.17"]
[SourceVersion "1"]
[SourceVersionDate "2019.10.17"]
[SourceQuality "1"]

1. d4 Nf6 2. Nf3 g6 3. Nbd2 d5 4. e3 Bg7 5. Be2 0-0 6. 0-0 Nbd7 7. b4 Nb6 8. c4 dxc4 9. Nxc4 Nxc4 10. Bxc4 Ne4 11. Qc2 Nd6 12. Bd3 c6 13. Bd2 Bf5 14. Bxf5 Nxf5 15. Rac1 Qd7 16. Rfd1 Rfd8 17. Be1 h6 18. Nd2 Qe6 19. Nb3 Nh4 20. Nc5 Qg4 21. Qe4 Qxe4 22. Nxe4 e5 23. dxe5 Bxe5 24. f4 Nxg2 25. Kxg2 Bg7 26. Bh4 Re8 27. Kf3 a5 28. b5 cxb5 29. Nf6+ Bxf6 30. Bxf6 b4 31. Rd7 Re6 32. Bd4 b6 33. Rcc7 Rf8 34. Rb7 a4 35. Bxb6 b3 36. axb3 a3 37. Bc5 Ra6 38. Bxf8 a2 39. Rd8 a1Q 40. Bd6+ 1-0

[Event "Mineiro-ch"]
[Site "Barbacena"]
[Date "2018.11.30"]
[Round "1"]
[White "Ribeiro, Jose Joselito"]
[Black "Silva, Getulio Anderson"]
[Result "1-0"]
[WhiteElo "1969"]
[BlackElo "1767"]
[PlyCount "48"]
[EventDate "2018.11.30"]
[EventType "swiss"]
[EventRounds "5"]
[EventCountry "BRA"]
[SourceTitle "CBM 187 Extra"]
[Source "ChessBase"]
[SourceDate "2018.11.04"]
[SourceVersion "1"]
[SourceVersionDate "2018.11.04"]
[SourceQuality "1"]

1. e4 g6 2. Nf3 Bg7 3. d4 d6 4. Be3 b6 5. Bb5+ Nd7 6. Nc3 a6 7. Bc4 e6 8. Qd2 Ne7 9. 0-0-0 b5 10. Bd3 b4 11. Na4 a5 12. g4 Bb7 13. Qe2 Nf6 14. Nd2 Bc6 15. Bb5 Qd7 16. Bxc6 Qxc6 17. b3 Nxe4 18. Nxe4 Qxe4 19. Rhe1 Qc6 20. f4 Nd5 21. f5 0-0-0 22. fxe6 Rde8 23. Qf3 Nxe3 24. Qxc6 Rxe6 1-0

[Event "Rio de Janeiro Duchamp op"]
[Site "Rio de Janeiro"]
[Date "2017.11.13"]
[Round "4"]
[White "Ribeiro, Jose Joselito"]
[Black "Campos, Alexandre Ferreira"]
[Result "1/2-1/2"]
[WhiteElo "1924"]
[BlackElo "2103"]
[PlyCount "123"]
[EventDate "2017.11.11"]
[EventType "swiss"]
[EventRounds "9"]
[EventCountry "BRA"]
[SourceTitle "CBM 181 Extra"]
[Source "ChessBase"]
[SourceDate "2017.12.12"]
[SourceVersion "1"]
[SourceVersionDate "2017.12.12"]
[SourceQuality "1"]

1. e4 c5 2. Nf3 Nc6 3. d4 cxd4 4. Nxd4 Nf6 5. Nc3 e5 6. Ndb5 d6 7. Bg5 a6 8. Bxf6 gxf6 9. Na3 b5 10. Nd5 Bg7 11. c3 Be6 12. Be2 0-0 13. Nc2 f5 14. exf5 Bxf5 15. Nce3 Be6 16. 0-0 Rb8 17. Kh1 a5 18. f4 f5 19. Qd2 Kh8 20. Rad1 Bc8 21. Rf3 b4 22. Nc4 bxc3 23. bxc3 Be6 24. Rh3 Nd4 25. cxd4 Bxd5 26. dxe5 Bxc4 27. Bxc4 dxe5 28. Qe2 Qc7 29. fxe5 Bxe5 30. Qh5 Rb2 31. Bd5 Qg7 32. Qf3 Qg6 33. Qa3 Rfb8 34. Qe3 Qg7 35. Qd3 Qg4 36. Bf3 Qg6 37. Qd5 R2b5 38. Qd7 R5b7 39. Qd5 Rb5 40. Qd7 Rb1 41. Qd5 Qd6 42. Qxd6 Bxd6 43. Be2 R8b2 44. Bh5 a4 45. Rhd3 Rxd1+ 46. Bxd1 Bc5 47. g3 Rxa2 48. Rd5 Ra1 49. Kg2 Be3 50. Kf3 Bg1 51. h4 a3 52. Be2 a2 53. Ra5 Bd4 54. Kf4 Bb2 55. Bc4 Be5+ 56. Kxf5 Bxg3 57. h5 Kg7 58. Bxa2 Rf1+ 59. Kg4 Bf2 60. Bc4 Rg1+ 61. Kf3 Bb6 62. Rb5 1/2-1/2

[Event "Praia do Morro Guarapari op"]
[Site "Praia do Morro"]
[Date "2017.04.16"]
[Round "6"]
[White "Ribeiro, Jose Joselito"]
[Black "Santos Filho, Tadeu Souza"]
[Result "0-1"]
[WhiteElo "1932"]
[BlackElo "2050"]
[PlyCount "74"]
[EventDate "2017.04.14"]
[EventType "swiss"]
[EventRounds "6"]
[EventCountry "BRA"]
[SourceTitle "CBM 177 Extra"]
[Source "ChessBase"]
[SourceDate "2017.04.27"]
[SourceVersion "1"]
[SourceVersionDate "2017.04.27"]
[SourceQuality "1"]

1. e4 e6 2. d4 d5 3. Nc3 Nf6 4. Bg5 Bb4 5. e5 h6 6. Bd2 Bxc3 7. bxc3 Ne4 8. Bd3 Nxd2 9. Qxd2 c5 10. f4 c4 11. Be2 Qa5 12. Nh3 Nd7 13. 0-0 Nb6 14. g4 Na4 15. Rf3 b5 16. a3 Rb8 17. f5 Qd8 18. f6 g6 19. Nf4 Kd7 20. Rh3 Qf8 21. Bf3 Bb7 22. Bg2 Bc6 23. Re3 Rb6 24. Bf3 Ra6 25. Qg2 Nb6 26. Ree1 Rxa3 27. h3 a5 28. Kh2 a4 29. Reb1 Rxa1 30. Rxa1 b4 31. Rxa4 Nxa4 32. Bxd5 Qa8 33. Bxe6+ fxe6 34. Qf1 Nxc3 35. Qxc4 Qa2 36. Qxb4 Qxc2+ 37. Kg3 Ne4+ 0-1

[Event "Praia do Morro Guarapari op"]
[Site "Praia do Morro"]
[Date "2017.04.14"]
[Round "1"]
[White "Silva, Samuel Teixeira"]
[Black "Ribeiro, Jose Joselito"]
[Result "0-1"]
[WhiteElo "1765"]
[BlackElo "1932"]
[PlyCount "60"]
[EventDate "2017.04.14"]
[EventType "swiss"]
[EventRounds "6"]
[EventCountry "BRA"]
[SourceTitle "CBM 177 Extra"]
[Source "ChessBase"]
[SourceDate "2017.04.27"]
[SourceVersion "1"]
[SourceVersionDate "2017.04.27"]
[SourceQuality "1"]

1. e4 e5 2. Nf3 Nc6 3. Bb5 a6 4. Ba4 Nf6 5. 0-0 b5 6. Bb3 Be7 7. Nc3 d6 8. d3 Bg4 9. a3 Nd4 10. Nd5 Nxd5 11. Bxd5 c6 12. Ba2 0-0 13. Be3 Nxf3+ 14. gxf3 Bh3 15. Re1 Kh8 16. Kh1 f5 17. Rg1 f4 18. Bd2 Bh4 19. Qe2 Rf6 20. Bc3 c5 21. Qd2 a5 22. Bd5 Ra7 23. b4 cxb4 24. axb4 a4 25. Bc6 Qb6 26. Bd5 Bxf2 27. Rgd1 Rg6 28. Rg1 Bxg1 29. d4 Be3 30. Qe2 Bg2+ 0-1

[Event "Florianopolis op 3rd"]
[Site "Florianopolis"]
[Date "2017.01.25"]
[Round "9"]
[White "Ribeiro, Jose Joselito"]
[Black "Carstens Dobuchak, Thiago"]
[Result "1/2-1/2"]
[WhiteElo "1914"]
[BlackElo "2029"]
[PlyCount "42"]
[EventDate "2017.01.20"]
[EventType "swiss"]
[EventRounds "10"]
[EventCountry "BRA"]
[SourceTitle "CBM 176 Extra"]
[Source "ChessBase"]
[SourceDate "2017.03.02"]
[SourceVersion "1"]
[SourceVersionDate "2017.03.02"]
[SourceQuality "1"]

1. e4 c5 2. Nf3 d6 3. d4 cxd4 4. Nxd4 Nf6 5. Nc3 a6 6. Be2 e5 7. Nb3 Be7 8. Be3 Nbd7 9. Qd2 b6 10. 0-0 Bb7 11. f3 0-0 12. Rfd1 Rc8 13. Rac1 Qc7 14. Qe1 Nc5 15. Qf2 Rfd8 16. Kh1 d5 17. exd5 Nxd5 18. Nxd5 Rxd5 19. Rxd5 Bxd5 20. Nxc5 bxc5 21. Rd1 Be6 1/2-1/2

[Event "Florianopolis op 3rd"]
[Site "Florianopolis"]
[Date "2017.01.20"]
[Round "1"]
[White "Ribeiro, Jose Joselito"]
[Black "Bonfim, Regina Rodrigues"]
[Result "0-1"]
[WhiteElo "1914"]
[BlackElo "1781"]
[PlyCount "71"]
[EventDate "2017.01.20"]
[EventType "swiss"]
[EventRounds "10"]
[EventCountry "BRA"]
[SourceTitle "EXT 2018"]
[Source "ChessBase"]
[SourceDate "2017.10.13"]
[SourceVersion "1"]
[SourceVersionDate "2017.10.13"]
[SourceQuality "1"]

1. e4 c5 2. Nf3 e6 3. d4 cxd4 4. Nxd4 Nf6 5. Nc3 Bb4 6. Bd3 Nc6 7. Nb3 d5 8. exd5 Nxd5 9. Bd2 Nxc3 10. bxc3 Be7 11. Qh5 g6 12. Qe2 0-0 13. h4 Bf6 14. 0-0-0 Qe7 15. h5 Qa3+ 16. Kb1 Nb4 17. Nc1 Nxd3 18. Nxd3 Bxc3 19. Bxc3 Qxc3 20. hxg6 fxg6 21. Nb2 Qf6 22. Nd3 b6 23. f3 Ba6 24. Qe3 Bxd3 25. Rxd3 Rf7 26. Rhd1 Rc8 27. Rd6 Re8 28. Qh6 Qf4 29. Qh3 Rfe7 30. R1d4 Qf5 31. Qh4 Qe5 32. Rd1 Qf5 33. Qh3 Qc5 34. Kc1 e5 35. R6d5 Qa3+ 36. Kb1 0-1

[Event "Belo Horizonte Mineiro zt"]
[Site "Belo Horizonte"]
[Date "2016.08.20"]
[Round "3.2"]
[White "Ribeiro, Jose Joselito"]
[Black "Campos, Igor Ribeiro"]
[Result "0-1"]
[WhiteElo "1905"]
[BlackElo "2156"]
[PlyCount "82"]
[EventDate "2016.08.19"]
[EventType "swiss"]
[EventRounds "5"]
[EventCountry "BRA"]
[SourceTitle "EXT 2022"]
[Source "ChessBase"]
[SourceDate "2021.10.06"]
[SourceVersion "1"]
[SourceVersionDate "2021.10.06"]
[SourceQuality "1"]

1. e4 d6 2. d4 Nf6 3. Nc3 g6 4. Nf3 Bg7 5. Bc4 0-0 6. 0-0 Nxe4 7. Re1 Nxc3 8. bxc3 Nd7 9. Bg5 Nf6 10. a4 a6 11. Qd2 Bg4 12. Qe3 Re8 13. h3 Bf5 14. Bh6 e6 15. Bg5 Qd7 16. Bb3 h5 17. Nh4 e5 18. Qf3 Nh7 19. Bd2 exd4 20. Nxf5 Qxf5 21. Qxf5 gxf5 22. cxd4 Bxd4 23. Rad1 Bc5 24. Kf1 Nf6 25. f3 c6 26. Bf4 Kg7 27. Bg3 Kg6 28. Bf4 h4 29. Rxe8 Rxe8 30. Re1 Rxe1+ 31. Kxe1 Nh5 32. Bd2 Ng7 33. Ke2 Ne6 34. Kd3 Bf2 35. Ba2 Bb6 36. Kc4 Bd8 37. Kb4 Bg5 38. Bxg5 Kxg5 39. Bxe6 fxe6 40. Ka5 e5 41. Kb6 e4 0-1

[Event "Brasilia Terraviva op"]
[Site "Brasilia"]
[Date "2016.04.23"]
[Round "5"]
[White "Ribeiro, Jose Joselito"]
[Black "Lucena, Lincoln"]
[Result "0-1"]
[WhiteElo "1899"]
[BlackElo "2132"]
[PlyCount "72"]
[EventDate "2016.04.21"]
[EventType "swiss"]
[EventRounds "7"]
[EventCountry "BRA"]
[SourceTitle "CBM 172 Extra"]
[Source "ChessBase"]
[SourceDate "2016.06.21"]
[SourceVersion "1"]
[SourceVersionDate "2016.06.21"]
[SourceQuality "1"]

1. e4 d6 2. d4 g6 3. Nf3 Bg7 4. Bd3 Bg4 5. Be3 a6 6. h3 Bxf3 7. Qxf3 c5 8. c3 cxd4 9. cxd4 Nc6 10. 0-0 Bxd4 11. Nc3 Bg7 12. Nd5 Nd4 13. Qd1 e5 14. Rc1 Rc8 15. Qa4+ Kf8 16. Qb4 Ne7 17. Rxc8 Qxc8 18. Qxd6 Ndc6 19. Bc5 Qe6 20. Qc7 Bf6 21. Qxb7 Kg7 22. Nxe7 Bxe7 23. Bxe7 Nxe7 24. Qxa6 Qxa6 25. Bxa6 Rb8 26. Rb1 Rb4 27. Bd3 Nc6 28. f3 Rd4 29. Bf1 Rd2 30. a3 Nd4 31. Bc4 Rc2 32. Bd5 Ne2+ 33. Kh2 Nf4 34. a4 Nxg2 35. a5 Nh4+ 36. Kh1 Nxf3 0-1

[Event "Brasilia Terraviva op"]
[Site "Brasilia"]
[Date "2016.04.21"]
[Round "1"]
[White "Ribeiro, Jose Joselito"]
[Black "Tarmak, Mart"]
[Result "1/2-1/2"]
[WhiteElo "1899"]
[BlackElo "1800"]
[PlyCount "59"]
[EventDate "2016.04.21"]
[EventType "swiss"]
[EventRounds "7"]
[EventCountry "BRA"]
[SourceTitle "CBM 172 Extra"]
[Source "ChessBase"]
[SourceDate "2016.06.21"]
[SourceVersion "1"]
[SourceVersionDate "2016.06.21"]
[SourceQuality "1"]

1. e4 d6 2. d4 Nf6 3. Bd3 e5 4. Ne2 d5 5. exd5 Qxd5 6. dxe5 Qxe5 7. 0-0 Bd6 8. Ng3 Bg4 9. f3 Qc5+ 10. Kh1 Be6 11. Qe1 Nc6 12. Nc3 0-0-0 13. Be3 Qb4 14. Nb5 Qxe1 15. Nxd6+ Rxd6 16. Rfxe1 Nb4 17. Ne4 Nxe4 18. Bxe4 f5 19. Bf4 fxe4 20. Bxd6 Nxc2 21. Rec1 Nxa1 22. Rxc7+ Kd8 23. Rc1 exf3 24. gxf3 Bd5 25. Kg2 Kd7 26. Bb4 Rc8 27. Bc3 Rf8 28. Rxa1 Rxf3 29. Kg1 g5 30. a3 1/2-1/2

[Event "Florianopolis op 2nd"]
[Site "Florianopolis"]
[Date "2016.01.19"]
[Round "6"]
[White "Niehues, Luiz Cesar"]
[Black "Ribeiro, Jose Joselito"]
[Result "1-0"]
[WhiteElo "1672"]
[BlackElo "1896"]
[PlyCount "56"]
[EventDate "2016.01.16"]
[EventType "swiss"]
[EventRounds "10"]
[EventCountry "BRA"]
[SourceTitle "CBM 170 Extra"]
[Source "ChessBase"]
[SourceDate "2016.02.25"]
[SourceVersion "1"]
[SourceVersionDate "2016.02.25"]
[SourceQuality "1"]

1. d4 Nf6 2. c4 g6 3. Nc3 d5 4. cxd5 Nxd5 5. e4 Nxc3 6. bxc3 c5 7. Bc4 Bg7 8. Ne2 0-0 9. 0-0 Nc6 10. Be3 cxd4 11. cxd4 Bd7 12. Qd2 Rc8 13. Rac1 Qa5 14. Qb2 Rb8 15. h3 b5 16. Bd5 Rfc8 17. f4 e6 18. Bb3 a6 19. e5 Bf8 20. Qb1 Ne7 21. Ng3 Bc6 22. Ne4 Bxe4 23. Qxe4 Nf5 24. Bf2 Ba3 25. Rcd1 Rc3 26. d5 exd5 27. Qxd5 Ne3 28. Bxe3 Rxe3 1-0

[Event "Florianopolis op 2nd"]
[Site "Florianopolis"]
[Date "2016.01.17"]
[Round "3"]
[White "Ribeiro, Jose Joselito"]
[Black "Da Silva, Mateus Santiago"]
[Result "1-0"]
[WhiteElo "1896"]
[BlackElo "1619"]
[PlyCount "53"]
[EventDate "2016.01.16"]
[EventType "swiss"]
[EventRounds "10"]
[EventCountry "BRA"]
[SourceTitle "CBM 170 Extra"]
[Source "ChessBase"]
[SourceDate "2016.02.25"]
[SourceVersion "1"]
[SourceVersionDate "2016.02.25"]
[SourceQuality "1"]

1. e4 e5 2. Nf3 Nc6 3. Bc4 Nf6 4. Nc3 Nxe4 5. Nxe4 d5 6. Bb5 dxe4 7. Nxe5 Qd5 8. Bxc6+ bxc6 9. d4 exd3 10. 0-0 Bd6 11. Nxd3 0-0 12. Be3 f5 13. Nf4 Qf7 14. Qd4 Bb7 15. Rfe1 c5 16. Qc3 c4 17. h4 Rae8 18. Rad1 Be5 19. Qa3 Qf6 20. Qb4 Ba8 21. Qxc4+ Kh8 22. Nd3 Qg6 23. g4 fxg4 24. Nxe5 Rxe5 25. Bf4 Ref5 26. Qxc7 Qh5 27. Bg3 1-0

[Event "Belo Horizonte Mineiro-ch"]
[Site "Belo Horizonte"]
[Date "2015.11.22"]
[Round "5"]
[White "Branco, Luciano Braga Rodri"]
[Black "Ribeiro, Jose Joselito"]
[Result "0-1"]
[WhiteElo "1830"]
[BlackElo "1901"]
[PlyCount "74"]
[EventDate "2015.11.20"]
[EventType "swiss"]
[EventRounds "6"]
[EventCountry "BRA"]
[SourceTitle "CBM 169 Extra"]
[Source "ChessBase"]
[SourceDate "2015.12.18"]
[SourceVersion "1"]
[SourceVersionDate "2015.12.18"]
[SourceQuality "1"]

1. c4 Nf6 2. Nc3 d5 3. cxd5 Nxd5 4. g3 g6 5. Bg2 c6 6. Nxd5 cxd5 7. d4 Bg7 8. Nf3 Nc6 9. e3 0-0 10. 0-0 Bg4 11. Qd2 Qd7 12. b3 Rac8 13. Ba3 Rfe8 14. Rac1 Rc7 15. Ne5 Bxe5 16. dxe5 Rec8 17. Bb2 Bh3 18. Bxh3 Qxh3 19. Qxd5 Nb4 20. Qd2 Nc2 21. f3 Qe6 22. Bd4 Qd5 23. Qf2 b6 24. Kg2 Nb4 25. Rxc7 Rxc7 26. Rd1 Qb5 27. Kh3 Rc2 28. Rd2 Rxd2 29. Qxd2 Qf1+ 30. Kg4 Nd3 31. e4 h5+ 32. Kg5 Qxf3 33. Kh6 h4 34. Qg5 hxg3 35. e6 gxh2 36. exf7+ Qxf7 37. Qg2 h1Q+ 0-1

[Event "BRA-ch Amateur"]
[Site "Sao Paulo"]
[Date "2015.04.01"]
[Round "3"]
[White "Leite, Tarcisio Dantas Fro"]
[Black "Ribeiro, Jose Joselito"]
[Result "0-1"]
[WhiteElo "1686"]
[BlackElo "1928"]
[PlyCount "80"]
[EventDate "2015.04.30"]
[EventType "swiss"]
[EventRounds "7"]
[EventCountry "BRA"]
[SourceTitle "EXT 2022"]
[Source "ChessBase"]
[SourceDate "2021.10.06"]
[SourceVersion "1"]
[SourceVersionDate "2021.10.06"]
[SourceQuality "1"]

1. e4 c5 2. Nf3 Nc6 3. d4 cxd4 4. Nxd4 g6 5. Be3 Bg7 6. Be2 d6 7. Nc3 Nf6 8. Qd2 Ng4 9. Bxg4 Bxg4 10. f3 Bd7 11. 0-0-0 Rc8 12. Kb1 Ne5 13. Bh6 Nc4 14. Qc1 0-0 15. Bxg7 Kxg7 16. Nd5 e6 17. Ne3 Qb6 18. Nxc4 Rxc4 19. Nb3 Rfc8 20. Rd2 a5 21. Qg1 Qc7 22. Qf2 a4 23. Nc1 e5 24. g4 Be6 25. h4 Rb4 26. Rd3 Rc4 27. Rh2 b5 28. g5 b4 29. Qd2 Rc6 30. Qd1 Bc4 31. Re3 Qb6 32. Qd2 a3 33. b3 Be6 34. Qe1 Qd4 35. Nd3 Rc3 36. Qc1 Bxb3 37. axb3 a2+ 38. Kxa2 Ra8+ 39. Kb1 Rxd3 40. cxd3 Ra1+ 0-1